Geographical Features from 'O' - Statistics

General Stats
  • This quiz has been taken 71 times
  • The average score is 6 of 16
Answer Stats
Picture Hint Answer % Correct
Desert Landform Oasis
95%
Country Oman
95%
Canadian Province Ontario
94%
National Capital Oslo
86%
UK City Oxford
86%
Type of Lake Oxbow
44%
River Orinoco
41%
Mountain Olympus
26%
Lake Ohrid
18%
Indian State Odisha
17%
National Park Olympic
15%
Cavern Ohio
11%
Waterfall Ouzoud
2%
Island One Foot
0%
Volcano Ontake
0%
Cliff Ontika
0%
No matching quizzes found
Score Distribution
Percent of People with Each Score
Percentile by Number Answered
Your Score History
You have not taken this quiz